Hiihdon maailmancupin paikkakunnat 2000-luvulla - Statistics

Yleistilastot
  • Tätä visaa on pelattu 58 kertaa
    56 viimeisimmän päivityksen jälkeen
  • Keskiarvotulos 28 / 79
Vastaustilastot
Maa Viimeisin kausi Paikkakunta % Oikein
Suomi 2025-2026 Lahti
100%
Norja 2025-2026 Oslo
100%
Suomi 2025-2026 Ruka
100%
Ruotsi 2025-2026 Falun
88%
Norja 2024-2025 Lillehammer
88%
Norja 2025-2026 Trondheim
88%
Sveitsi 2025-2026 Davos
85%
Viro 2018-2019 Otepää
85%
Italia 2025-2026 Val di Fiemme
85%
Viro 2024-2025 Tallinna
82%
Suomi 2001-2002 Kuopio
76%
Japani 2005-2006 Sapporo
76%
Saksa 2022-2023 Oberstdorf
74%
Slovenia 2019-2020 Planica
71%
Tshekki 2012-2013 Liberec
68%
Saksa 2025-2026 Oberhof
65%
Ruotsi 2015-2016 Tukholma
65%
Norja 2025-2026 Drammen
62%
USA 2025-2026 Lake Placid
59%
Itävalta 2017-2018 Seefeld
59%
Italia 2025-2026 Toblach
59%
Italia 2011-2012 Milano
56%
Ruotsi 2023-2024 Östersund
56%
Venäjä 2012-2013 Sotshi
53%
Kanada 2009-2010 Vancouver
53%
Ruotsi 2023-2024 Jällivaara
50%
Tshekki 2009-2010 Praha
50%
Venäjä 2011-2012 Moskova
47%
Itävalta 2004-2005 Ramsau
47%
Saksa 2021-2022 Dresden
41%
Sveitsi 2004-2005 Bern
38%
Tshekki 2019-2020 Nove Mesto
38%
Norja 2022-2023 Beitostölen
35%
Kanada 2023-2024 Canmore
35%
Saksa 2001-2002 Garmisch-Partenkirchen
32%
Italia 2005-2006 Predazzo
29%
Etelä-Korea 2016-2017 Pyeongchang
29%
Itävalta 2001-2002 Salzburg
29%
Ruotsi 2019-2020 Åre
26%
Sveitsi 2024-2025 Engadin
26%
Sveitsi 2025-2026 Goms
26%
Ruotsi 2003-2004 Kiiruna
26%
Ranska 2024-2025 Les Rousses
26%
Kanada 2015-2016 Montreal
26%
Kanada 2018-2019 Quebec
26%
Ruotsi 2020-2021 Ulricehamn
26%
Ruotsi 2004-2005 Göteborg
24%
Italia 2022-2023 Livigno
24%
Sveitsi 2022-2023 Val Mustair
24%
Italia 2024-2025 Cogne
21%
USA 2023-2024 Minneapolis
21%
Saksa 2011-2012 Dusseldorf
18%
Sveitsi 2000-2001 Engelberg
18%
Sveitsi 2021-2022 Lenzerheide
18%
Norja 2019-2020 Konnerud
15%
Itävalta 2002-2003 Linz
15%
Norja 2011-2012 Sjusjoen
15%
Norja 2019-2020 Meråker
9%
Slovenia 2011-2012 Rogla
9%
Italia 2013-2014 Asiago
6%
Kiina 2006-2007 Changchun
6%
Italia 2000-2001 Santa Caterina
6%
USA 2000-2001 Soldier Hollow
6%
Ruotsi 2005-2006 Mora
3%
Saksa 2004-2005 Reit im Winkl
3%
Italia 2006-2007 Aosta
0%
Ruotsi 2005-2006 Borlänge
0%
Italia 2007-2008 Bormio
0%
Italia 2001-2002 Brusson
0%
Italia 2003-2004 Clusone
0%
Kanada 2015-2016 Gatineau
0%
Venäjä 2003-2004 Kavgolovo
0%
Ranska 2016-2017 La Clusaz
0%
Sveitsi 2012-2013 Munsterstal
0%
Italia 2004-2005 Pragelato
0%
Venäjä 2014-2015 Rybinsk
0%
Puola 2013-2014 Szklarska Poreba
0%
Italia 2009-2010 Valdidentro
0%
Kanada 2005-2006 Vernon
0%
Ehtoja vastaavia visoja ei löytynyt
Tulosjakauma
Jokaisen tuloksen saaneiden osuus
Persentiili vastausten määrän mukaan
Tuloshistoriasi
Et ole pelannut tätä visaa sen viimeisimmän päivityksen jälkeen